[Event "SV Empor Erfurt-USC Magdeburg"]
[Site "Magdeburg DVM U14"]
[Date "2012.12.29"]
[Round "5.1"]
[White "Heinemann, Josefine"]
[Black "Nicolai, Tim"]
[Result "1-0"]
[WhiteElo "1934"]
[BlackElo "1647"]
[PlyCount "73"]
[EventDate "2012.??.??"]
[WhiteTeam "USC Magdeburg"]
[BlackTeam "SV Empor Erfurt"]

1. e4 e5 2. Nf3 Nc6 3. Bb5 a6 4. Ba4 Nf6 5. O-O Be7 6. Re1 d6 7. c3 b5 8. Bb3
Na5 9. Bc2 c5 10. d4 Nd7 11. b3 O-O 12. Nbd2 Nc6 13. d5 Na7 14. Nf1 Nb6 15. Ne3
Qc7 16. g4 g6 17. Kh1 c4 18. b4 a5 19. a3 axb4 20. axb4 Bd7 21. Rg1 Kh8 22. Qf1
Rg8 23. g5 Qc8 24. Qg2 Rg7 25. h4 Kg8 26. Qh2 Bf8 27. h5 Kh8 28. h6 Rg8 29.
Nxe5 dxe5 30. Qxe5+ Bg7 31. hxg7+ Rxg7 32. Qd4 Na4 33. Bxa4 bxa4 34. Qxc4 Bc6
35. Rg3 Bb5 36. Qxc8+ Rxc8 37. Bb2 1-0

[Event "SV Empor Erfurt-USC Magdeburg"]
[Site "Magdeburg DVM U14"]
[Date "2012.12.29"]
[Round "5.2"]
[White "Allin, Alexander"]
[Black "Geue, Niklas"]
[Result "0-1"]
[WhiteElo "1448"]
[BlackElo "1531"]
[PlyCount "54"]
[EventDate "2012.??.??"]
[WhiteTeam "SV Empor Erfurt"]
[BlackTeam "USC Magdeburg"]

1. e4 e6 2. d4 d5 3. exd5 exd5 4. Bd3 Bd6 5. h3 Nf6 6. Nf3 O-O 7. O-O h6 8. Re1
Be6 9. c3 Nbd7 10. Be3 Rc8 11. Qd2 Ne4 12. Qc1 f5 13. Bf4 Ndf6 14. Ne5 Bxe5 15.
Bxe5 c5 16. f3 Nd6 17. dxc5 Nf7 18. Bd4 Bd7 19. b4 Nh5 20. Qc2 Qg5 21. Be3 f4
22. Bd4 Bxh3 23. Bg6 Rce8 24. Rxe8 Rxe8 25. Na3 Ng3 26. Bxf7+ Kxf7 27. Bf2 Ne2+
0-1

[Event "SV Empor Erfurt-USC Magdeburg"]
[Site "Magdeburg DVM U14"]
[Date "2012.12.29"]
[Round "5.3"]
[White "Fahsel, Nico"]
[Black "Sommer, Jan"]
[Result "1-0"]
[WhiteElo "1499"]
[BlackElo "1478"]
[PlyCount "43"]
[EventDate "2012.??.??"]
[WhiteTeam "USC Magdeburg"]
[BlackTeam "SV Empor Erfurt"]

1. d4 d5 2. Nf3 Bf5 3. c4 e6 4. Nc3 Nf6 5. Bg5 Be7 6. Qb3 b6 7. Bxf6 Bxf6 8.
cxd5 O-O 9. e3 Re8 10. Bb5 Re7 11. O-O a6 12. Be2 Rd7 13. e4 Bg4 14. h3 Bxf3
15. Bxf3 exd5 16. e5 Be7 17. Bxd5 c6 18. Bxf7+ Kf8 19. Be6 Rxd4 20. Ne2 Re4 21.
Qf3+ Bf6 22. Qxe4 1-0

[Event "VSF 1975 Düsseldorf-Gütersloher SV"]
[Site "Magdeburg DVM U14"]
[Date "2012.12.29"]
[Round "5.1"]
[White "Wulfhorst, Noah"]
[Black "Berezhnoy, Alex"]
[Result "1-0"]
[WhiteElo "1619"]
[BlackElo "1598"]
[PlyCount "78"]
[EventDate "2012.??.??"]
[WhiteTeam "Gütersloher SV"]
[BlackTeam "VSF 1975 Düsseldorf"]

1. e4 e5 2. Nf3 Nf6 3. d4 Nxe4 4. dxe5 Be7 5. Nbd2 Nxd2 6. Bxd2 O-O 7. Bd3 Nc6
8. a3 d6 9. exd6 Qxd6 10. O-O Bg4 11. Bc3 Bf6 12. Qd2 Bxc3 13. Qxc3 Bxf3 14.
gxf3 Ne5 15. Be2 c6 16. Kh1 Qf6 17. Rg1 Nd7 18. Qb3 b6 19. c3 Nc5 20. Qc2 Rfe8
21. Rg3 Re7 22. Rag1 g6 23. Bc4 Kg7 24. b4 Nd7 25. Bd3 Ne5 26. Be4 Qf4 27. Rd1
Rf8 28. Rd4 c5 29. bxc5 bxc5 30. Ra4 c4 31. Kg2 f5 32. Bd5 Rd8 33. Ra5 Red7 34.
Qd1 Nd3 35. Bc6 Ne5 36. Bxd7 Rxd7 37. Qe2 Nc6 38. Qe6 Rd6 39. Qxf5 Qxf5 1-0

[Event "VSF 1975 Düsseldorf-Gütersloher SV"]
[Site "Magdeburg DVM U14"]
[Date "2012.12.29"]
[Round "5.2"]
[White "Surguchov, Alexander"]
[Black "Kandler, Pascal"]
[Result "1/2-1/2"]
[WhiteElo "1553"]
[BlackElo "1549"]
[PlyCount "102"]
[EventDate "2012.??.??"]
[WhiteTeam "VSF 1975 Düsseldorf"]
[BlackTeam "Gütersloher SV"]

1. d4 Nf6 2. Bf4 c5 3. e3 cxd4 4. exd4 e6 5. Nf3 Nc6 6. c3 Be7 7. Bd3 b6 8.
Nbd2 Bb7 9. Nc4 d6 10. a4 Nd5 11. Bg3 O-O 12. O-O h6 13. Qe2 Qd7 14. Ne3 Nxe3
15. fxe3 f5 16. Nh4 Bxh4 17. Bxh4 e5 18. Bb5 Qc7 19. Qh5 Bc8 20. Rf3 Ne7 21.
Rg3 Kh8 22. Rf1 Ng8 23. Bg5 Qf7 24. Qh4 Be6 25. Rgf3 e4 26. R3f2 Rac8 27. g4
Qg6 28. gxf5 Bxf5 29. Rg2 Qh7 30. Be7 Nxe7 31. Qxe7 Rf6 32. Rgf2 Qg6+ 33. Kh1
Rcf8 34. Rg1 Qf7 35. Qxf7 R8xf7 36. Rgf1 Be6 37. Rxf6 Rxf6 38. Rxf6 gxf6 39.
Bc6 f5 40. Kg2 Kg7 41. Kg3 Kf7 42. Kh4 Kf6 43. Kg3 Kg5 44. h4+ Kf6 45. Bb5 Ke7
46. c4 h5 47. Kf4 Kf6 48. Kg3 Kf7 49. Ba6 Ke7 50. Bb5 Kf7 51. Ba6 Ke7 1/2-1/2

[Event "VSF 1975 Düsseldorf-Gütersloher SV"]
[Site "Magdeburg DVM U14"]
[Date "2012.12.29"]
[Round "5.3"]
[White "Pfaffenrot, Daniel"]
[Black "Schmitz, Fabian"]
[Result "0-1"]
[WhiteElo "1472"]
[BlackElo "1420"]
[PlyCount "62"]
[EventDate "2012.??.??"]
[WhiteTeam "Gütersloher SV"]
[BlackTeam "VSF 1975 Düsseldorf"]

1. d4 Nf6 2. c4 g6 3. Nc3 Bg7 4. e4 d6 5. Nf3 O-O 6. Bf4 Nbd7 7. e5 Nh5 8. Qd2
Nxf4 9. Qxf4 dxe5 10. dxe5 f6 11. exf6 Bxf6 12. Qe3 c6 13. c5 Qa5 14. Bc4+ Kg7
15. O-O Qxc5 16. Qd3 Ne5 17. Nxe5 Bxe5 18. Rad1 Bf5 19. Qe2 b5 20. Bb3 a5 21.
Bc2 Bxc2 22. Qxc2 b4 23. Qe4 bxc3 24. bxc3 Rf4 25. Qd3 Raf8 26. Rd2 Qd6 27. Qe3
Qf6 28. Re2 Bd6 29. Rc2 Qe5 30. Qb6 Rb4 31. cxb4 Qxh2# 0-1

[Event "VSF 1975 Düsseldorf-Gütersloher SV"]
[Site "Magdeburg DVM U14"]
[Date "2012.12.29"]
[Round "5.4"]
[White "Gula, Julian"]
[Black "Andes, Otto"]
[Result "1-0"]
[WhiteElo "1372"]
[BlackElo "1364"]
[PlyCount "91"]
[EventDate "2012.??.??"]
[WhiteTeam "VSF 1975 Düsseldorf"]
[BlackTeam "Gütersloher SV"]

1. e4 e6 2. d4 d5 3. e5 c5 4. c3 Nc6 5. Nf3 f6 6. exf6 Nxf6 7. Be2 Bd6 8. O-O
O-O 9. h3 c4 10. Be3 Bc7 11. Nbd2 Qd6 12. Re1 Ne4 13. Nf1 e5 14. dxe5 Nxe5 15.
N3d2 Nxd2 16. Bxd2 Qg6 17. Bh5 Qf6 18. Be3 Nd3 19. Bd4 Qd6 20. Re2 Qh6 21. Re7
Be5 22. Bxe5 Nxe5 23. Rxe5 Be6 24. Ng3 Rf6 25. Qe2 Raf8 26. Rf1 g6 27. Rxe6
gxh5 28. Rxf6 Rxf6 29. Nxh5 Rg6 30. Qe8+ Qf8 31. Qxf8+ Kxf8 32. Re1 Ra6 33. a3
Rb6 34. Re2 Rd6 35. Kf1 Kf7 36. f3 Kg6 37. Nf4+ Kf5 38. Nh5 a6 39. Ng3+ Kf4 40.
Kf2 d4 41. Re4+ Kg5 42. Rxd4 Rc6 43. h4+ Kf6 44. Ne4+ Ke5 45. Nd2 Rb6 46. Nxc4+
1-0

[Event "SG Königskinder Hohentübingen-Karlsruher"]
[Site "Magdeburg DVM U14"]
[Date "2012.12.29"]
[Round "5.1"]
[White "Bykov, Ilya"]
[Black "Maurer, Noah"]
[Result "1-0"]
[WhiteElo "1648"]
[BlackElo "1580"]
[PlyCount "119"]
[EventDate "2012.??.??"]
[WhiteTeam "Karlsruher SF 1853"]
[BlackTeam "SG Königskinder Hohentübingen"]

1. e4 e6 2. d4 d5 3. e5 c5 4. c3 Qb6 5. a3 Nc6 6. Nf3 Nge7 7. b4 cxd4 8. cxd4
Nf5 9. Bb2 h5 10. Be2 Bd7 11. O-O Rc8 12. Qd2 Be7 13. Bc3 a6 14. Ra2 O-O 15.
Rb2 Na7 16. Rc1 Ba4 17. Bd1 Bxd1 18. Qxd1 Nb5 19. Rbc2 Rc6 20. Bb2 Rfc8 21.
Rxc6 Rxc6 22. Rxc6 Qxc6 23. Nbd2 Nc3 24. Qb3 Na4 25. h3 Qb5 26. Bc1 Bd8 27. Qc2
Nb6 28. Nb3 Qa4 29. Qd3 Nc4 30. Nc5 Qb5 31. g4 hxg4 32. hxg4 Nh6 33. Bg5 Bxg5
34. Nxg5 g6 35. Ncxe6 Nxe5 36. Qxb5 axb5 37. dxe5 fxe6 38. f3 Nf7 39. Nxe6 Nxe5
40. Kf2 Nc4 41. Nc7 Nxa3 42. Nxd5 Kf7 43. Ke3 Ke6 44. Ke4 g5 45. Nc7+ Kd6 46.
Nd5 Ke6 47. Ne3 Nb1 48. Nc2 Nd2+ 49. Ke3 Nc4+ 50. Kd3 Ne5+ 51. Ke4 Nc6 52. Nd4+
Nxd4 53. Kxd4 b6 54. Ke4 Kd6 55. f4 gxf4 56. Kxf4 Ke6 57. Ke4 Kf6 58. Kd5 Kg5
59. Kc6 Kxg4 60. Kxb5 1-0

[Event "SG Königskinder Hohentübingen-Karlsruher"]
[Site "Magdeburg DVM U14"]
[Date "2012.12.29"]
[Round "5.2"]
[White "Shankar, Ajay"]
[Black "Wiesner, Alexander"]
[Result "0-1"]
[WhiteElo "1556"]
[BlackElo "1644"]
[PlyCount "120"]
[EventDate "2012.??.??"]
[WhiteTeam "SG Königskinder Hohentübingen"]
[BlackTeam "Karlsruher SF 1853"]

1. d4 d5 2. c4 Nc6 3. Nf3 Bg4 4. e3 dxc4 5. Bxc4 e5 6. Qb3 Bb4+ 7. Bd2 Bxf3 8.
Bxf7+ Kf8 9. Bxb4+ Nxb4 10. Qxb4+ Kxf7 11. gxf3 exd4 12. Qc4+ Kf8 13. Nd2 dxe3
14. fxe3 Qe7 15. Ke2 Nf6 16. Rac1 c6 17. Rhg1 Rg8 18. Qc5 a6 19. Qxe7+ Kxe7 20.
e4 g5 21. Rc5 h6 22. Re5+ Kd7 23. Nc4 Rae8 24. Rd1+ Kc7 25. Rf5 Re6 26. Ne3 g4
27. fxg4 Nxg4 28. Rg1 Rxe4 29. Rf3 Rg5 30. Rh3 Rxe3+ 31. Rxe3 Nxe3 32. Rxg5
hxg5 33. Kxe3 Kd6 34. Ke4 Ke6 35. Kf3 Kf5 36. h3 c5 37. Ke3 b5 38. Kf3 a5 39.
Ke3 a4 40. Kf3 b4 41. Ke3 c4 42. Kd4 Kf4 43. Kxc4 Kg3 44. Kxb4 Kxh3 45. Kxa4 g4
46. b4 g3 47. Ka5 g2 48. a4 g1=Q 49. Ka6 Qd4 50. Kb5 Qd5+ 51. Kb6 Qc4 52. Ka5
Kg4 53. b5 Kf5 54. b6 Ke6 55. b7 Qb3 56. Ka6 Qxa4+ 57. Kb6 Qb4+ 58. Ka6 Kd6 59.
Ka7 Qa4+ 60. Kb8 Kc6 0-1

[Event "SG Königskinder Hohentübingen-Karlsruher"]
[Site "Magdeburg DVM U14"]
[Date "2012.12.29"]
[Round "5.3"]
[White "Ospina Ocampo, Antonio"]
[Black "Hurm, Marius"]
[Result "1-0"]
[WhiteElo "1331"]
[BlackElo "1400"]
[PlyCount "113"]
[EventDate "2012.??.??"]
[WhiteTeam "Karlsruher SF 1853"]
[BlackTeam "SG Königskinder Hohentübingen"]

1. e4 e5 2. Nf3 Nc6 3. Nc3 Nf6 4. Bb5 Bb4 5. d3 d6 6. O-O Bg4 7. Bg5 a6 8.
Bxc6+ bxc6 9. h3 Be6 10. a3 Bc5 11. d4 exd4 12. Nxd4 Bxd4 13. Qxd4 O-O 14. Bxf6
Qxf6 15. Qxf6 gxf6 16. Rad1 f5 17. Rfe1 Rab8 18. b3 Rfe8 19. f3 fxe4 20. Nxe4
Kg7 21. Kf2 Bf5 22. Rd2 Bxe4 23. Rxe4 Rxe4 24. fxe4 Re8 25. Kf3 Re5 26. c4 f5
27. Rd4 fxe4+ 28. Rxe4 Rxe4 29. Kxe4 Kf6 30. g3 Ke6 31. g4 d5+ 32. Kd4 a5 33.
b4 axb4 34. axb4 Kd6 35. g5 dxc4 36. Kxc4 c5 37. bxc5+ Ke5 38. Kb4 Kf5 39. Kb5
Kxg5 40. Kc6 Kh4 41. Kxc7 Kxh3 42. Kd7 h5 43. c6 h4 44. c7 Kg2 45. c8=Q h3 46.
Qc6+ Kg1 47. Qc1+ Kg2 48. Qd2+ Kg1 49. Qe1+ Kg2 50. Qe2+ Kg3 51. Qf1 Kh2 52.
Ke6 Kg3 53. Qh1 h2 54. Ke5 Kh3 55. Ke4 Kg3 56. Ke3 Kh3 57. Kf4 1-0

[Event "SG Königskinder Hohentübingen-Karlsruher"]
[Site "Magdeburg DVM U14"]
[Date "2012.12.29"]
[Round "5.4"]
[White "Sänger, Julius"]
[Black "Sirbu, Nikita"]
[Result "0-1"]
[WhiteElo "1029"]
[BlackElo "1045"]
[PlyCount "46"]
[EventDate "2012.??.??"]
[WhiteTeam "SG Königskinder Hohentübingen"]
[BlackTeam "Karlsruher SF 1853"]

1. e4 c5 2. Nf3 e6 3. c3 d5 4. exd5 exd5 5. d4 Nf6 6. Bg5 Qb6 7. Qe2+ Be6 8. g3
Be7 9. Bg2 Nc6 10. O-O cxd4 11. cxd4 Nxd4 12. Nxd4 Qxd4 13. Rd1 Qc5 14. Bxf6
Bxf6 15. Rxd5 Qc1+ 16. Qd1 Qxd1+ 17. Rxd1 Bxb2 18. Bxb7 Rb8 19. Bc6+ Ke7 20.
Nc3 Bxa1 21. Rxa1 Rbc8 22. Rc1 Rxc6 23. Nd5+ Bxd5 0-1